000 00528nam a2200181Ia 4500
005 20250423095319.0
008 250422s9999 xx 000 0 und d
020 _a9781893858480
100 _aOrsay, Jonathan
245 0 _aExamkrackers MCAT verbal reasoning & mathematical techniques
250 _a7th ed.
260 _aNew Jersey
260 _bOsote Publishing
260 _c2007
300 _a112 p
650 _aReading comprehension --Problems, exercises, etc. Reasoning --Problems, exercises, etc.
942 _cBK
999 _c29896
_d29896